000 01008nam a22002537a 4500
005 20170123164154.0
010 _aA-827913
020 _a8173800200
035 _aA-827913
037 _bCen Lib / Ret
040 _aDPL
_bPN
082 _a850.9
_bਧਨਵੰ
245 _aਪੰਜਾਬੀਅਤ:
_cਸੰਪਾਦਕ ਧਨਵੰਤ ਕੌਰ
_bਸੰਕਲਪ ਅਤੇ ਸਰੂਪ /
246 _aPunjabiat : sankalap aate sarup /
_bedited by Dhanwant Kaur
260 _aਪਟਿਆਲਾ
_bਪਬਲੀਕੇਸ਼ਨ ਬਿਊਰੋ
_c1993
270 _aਪੰਜਾਬੀ ਯੂਨੀਵਰਸਿਟੀ
_bਪਟਿਆਲਾ
_e160022
300 _a162p.
_c21cm(pbk)
650 _a ਪੰਜਾਬੀ-- ਸਾਹਿਤ
_9130277
650 _aਪੰਜਾਬੀ-- ਕਹਾਣੀਆਂ
_9130278
650 _aPunjabi-- Literature
_9781
650 _aPunjabi Literature--Fiction
_99827
700 _aਧਨਵੰਤਕੌਰ
_9130279
942 _2ddc
_cPN
_h850.9
_mਧਨਵੰ
999 _c110570
_d110570